VERBAL & NON VERBAL COMMUNICATION (Record no. 8082)

MARC details
000 -LEADER
fixed length control field 00367nam a22001457a 4500
020 ## - INTERNATIONAL STANDARD BOOK NUMBER
International Standard Book Number 81-8204-060-4
082 ## - DEWEY DECIMAL CLASSIFICATION NUMBER
Classification number 657.84
Item number AAK
100 ## - MAIN ENTRY--PERSONAL NAME
Personal name AAKASH
245 ## - TITLE STATEMENT
Title VERBAL & NON VERBAL COMMUNICATION
260 ## - PUBLICATION, DISTRIBUTION, ETC. (IMPRINT)
Place of publication, distribution, etc DELHI
Name of publisher, distributor, etc AMAN PUBLISHER
Year of Publication 2010
300 ## - PAGE DESCRIPTION
No. of Pages 284
650 ## - SUBJECT ADDED ENTRY--TOPICAL TERM
Topical term or geographic name as entry element COMMUNICATION FOR MANAGEMENT
653 ## - KEYWORDS--INDEX TERM
Keyword term COMMUNICATION, VERBAL, NONVERBAL
942 ## - ADDED ENTRY ELEMENTS (KOHA)
Source of classification or shelving scheme Dewey Decimal Classification
Koha item type Books
Holdings
Withdrawn status Lost status Source of classification or shelving scheme Damaged status Not for loan Collection code Home library Current library Shelving location Date acquired Vendor Name Cost, normal purchase price SGTU Bill Number Total Checkouts Full call number Accession No. (Barcode) Date last seen Bill Date Koha item type
    Dewey Decimal Classification     HOTEL MANAGEMENT SGT Science & Social Sciences Library SGT Science & Social Sciences Library Text Book 10/10/2015 JINDAL BOOK SERVICE 650.00 SGTU 1775   657.84 AAK HM551 10/10/2015 07/09/2015 Books
    Dewey Decimal Classification     HOTEL MANAGEMENT SGT Science & Social Sciences Library SGT Science & Social Sciences Library Text Book 10/10/2015 JINDAL BOOK SERVICE 650.00 SGTU 1775   657.84 AAK HM552 10/10/2015 07/09/2015 Books